000 00714nam a22002297i 4500
003 URS
005 20220114153032.0
008 160525b xxu||||| |||| 00| 0 eng d
020 _a9789712356469
040 _erda
_cURSP-College Libary
_beng
050 _bN24q 2010
100 1 _aNg, Mark Francis G,
245 _aQuantitative Methods in Accounting;
_bA modular Approach.
_cNg, Mark Francis G.
264 1 _aManila
_bRex Book Store
_c2010.
300 _avii, 217pages
_c22cm
336 _atext
_btxt
_2rdacontent
337 _aunmediated
_bn
_2rdamedia
338 _avolume
_bnc
_2rdacarrier
500 _aIncludes references and index
650 0 _aAccounting.
942 _2lcc
_cF
999 _c8050
_d8050